Hài kịch

Wedi'i Gadw mewn:
Manylion Llyfryddiaeth
Prif Awdur: Vơlađimia Maiakôpxki
Awduron Eraill: Hoàng Ngọc Hiến (dịch và giới thiệu)
Fformat: Llyfr
Iaith:Vietnamese
Cyhoeddwyd: Đà Nẵng Hội văn học - Nghệ thuật Quảng Nam-Đà Nẵng 1985
Tagiau: Ychwanegu Tag
Dim Tagiau, Byddwch y cyntaf i dagio'r cofnod hwn!
Thư viện lưu trữ: Mạng thư viện Đại học Đà Nẵng
LEADER 01004nam a2200289 4500
001 000004939
003 1081
005 20120518100548.0
008 110805s1985 viesd
020 |c 20000 đ 
041 0 |a vie 
082 |a 891.7  |b MA-V 
100 0 |a Vơlađimia Maiakôpxki 
245 0 |a Hài kịch  |c Hoàng Ngọc Hiến dịch và giới thiệu 
260 |a Đà Nẵng  |b Hội văn học - Nghệ thuật Quảng Nam-Đà Nẵng  |c 1985 
700 |a Hoàng Ngọc Hiến  |e dịch và giới thiệu 
910 |a Minh  |d 05/08/2011 
OWN |a LSP 
AVA |a UDN50  |b LSP  |d 891.7 MA-V  |e available  |t Error 5001 Not defined in file expand_doc_bib_avail.  |f 2  |g 1  |h N  |i 0  |k 1 
999 |a From the UDN01 
AVA |a UDN50  |b LSP  |d 891.7 MA-V  |e available  |t Error 5001 Not defined in file expand_doc_bib_avail.  |f 2  |g 1  |h N  |i 0  |k 1 
TYP |a Monograph 
TYP |a Printed language 
980 |a Mạng thư viện Đại học Đà Nẵng